Statystyki dla Zgadnij pro w fortnite 2 poprawione

Kliknij tutaj aby rozwiązać quiz!

Ogólne statystyki

  • Ten quiz został rozwiązany 8 razy
  • Średni wynik to 13 z 58

Statystyki odpowiedzi

HintOdpowiedź% Poprawnych
ON FIRE REDteeq
100%
Xypherkefyy
63%
WAVEadvise
50%
TCEkami
50%
Rysixkubx
50%
dMINDartor
38%
Onyxblacha
38%
AGOczajnik
38%
OTWj4chu
38%
AGOjarkos
38%
DV1luki
38%
Monacopkr
38%
SKYTuNa
38%
dMIND -> valorantzeek
38%
PSQ2eh
25%
ALOFTcisu
25%
Alsenicefire
25%
Prostagekazama
25%
Impavekombek
25%
Onyxkrejz
25%
ImpaveMikson
25%
InfinityNiivzy
25%
300 Spartanspacko
25%
dMINDrakso
25%
Lootboyrellvis
25%
Spectrumsetty
25%
Kinguin Orangetaiovsky
25%
DV1better
13%
dMINDcrusti
13%
PSQdevon
13%
izako boarsdju
13%
Madnessgibon
13%
Kinguin Blackhoopek
13%
Kinguin Orangehycel
13%
Lootboyjojooo
13%
Ovation 🇩🇪juliancom
13%
DV1kacpixon
13%
Luminox Planetmlody
13%
300 Spartansmoneey
13%
Vertexmurlok
13%
Factorypixovsky
13%
Destroyqln
13%
NoMercyraxi
13%
300 Spartansrejek
13%
dMINDrichart
13%
dMINDsnoozlooz
13%
NedGGsynxx
13%
DV1tombik
13%
EvoZatoox
13%
Xypherdandir
0%
NoMercygiziu
0%
Luminox Planetjapko
0%
Team Panicakicus
0%
Invizy Esportmocarzz
0%
Team Panicanemo
0%
PSQpaxxyen
0%
Valifypixel
0%
Fixture PLpurchawa
0%

Rozkład punktacji

Percentyl według liczby udzielonych odpowiedzi

Procent ludzi z każdym wynikiem

Twoja historia wyników

Nie rozwiązałeś tego quizu